Signals And Systems (Record no. 24192)

MARC details
000 -LEADER
fixed length control field 00349nam a22001577a 4500
003 - CONTROL NUMBER IDENTIFIER
control field OSt
005 - DATE AND TIME OF LATEST TRANSACTION
control field 20211227083927.0
008 - FIXED-LENGTH DATA ELEMENTS--GENERAL INFORMATION
fixed length control field 211227b |||||||| |||| 00| 0 eng d
020 ## - INTERNATIONAL STANDARD BOOK NUMBER
International Standard Book Number 0195686144
040 ## - CATALOGING SOURCE
Transcribing agency HU
082 ## - DEWEY DECIMAL CLASSIFICATION NUMBER
Edition number 3rd
Classification number 003
100 ## - MAIN ENTRY--PERSONAL NAME
Personal name Chew Chi-Tsong
9 (RLIN) 25262
245 ## - TITLE STATEMENT
Title Signals And Systems
250 ## - EDITION STATEMENT
Edition statement 3rd
942 ## - ADDED ENTRY ELEMENTS (KOHA)
Source of classification or shelving scheme Dewey Decimal Classification
Koha item type Books like text book referance book
Suppress in OPAC No
Holdings
Withdrawn status Lost status Source of classification or shelving scheme Damaged status Not for loan Home library Current library Shelving location Date acquired Total Checkouts Full call number Barcode Date last seen Price effective from Koha item type
    Dewey Decimal Classification     IoT Library IoT Library General Stacks 12/27/2021   003-CHE-2004 IOTL0000280 12/27/2021 12/27/2021 Books like text book referance book
    Dewey Decimal Classification     IoT Library IoT Library General Stacks 12/27/2021   003-CHE-2004 IOTL0000281 12/27/2021 12/27/2021 Books like text book referance book
    Dewey Decimal Classification     IoT Library IoT Library General Stacks 12/27/2021   003-CHE-2004 IOTL0000282 12/27/2021 12/27/2021 Books like text book referance book
    Dewey Decimal Classification     IoT Library IoT Library General Stacks 12/27/2021   003-CHE-2004 IOTL0000283 12/27/2021 12/27/2021 Books like text book referance book
    Dewey Decimal Classification     IoT Library IoT Library General Stacks 12/27/2021   003-CHE-2004 IOTL0000284 12/27/2021 12/27/2021 Books like text book referance book